[Event "ch-BRA s/f"]
[Site "Dois Irmaos BRA"]
[Date "2008.10.30"]
[Round "2"]
[White "Prates,F"]
[Black "Borges,R"]
[Result "1-0"]
[WhiteElo "2298"]
[BlackElo "1742"]

1.e4 d6 2.d4 Nf6 3.Nc3 e5 4.Nf3 Nbd7 5.Bc4 Be7 6.O-O O-O 7.Re1 c6 8.a4 Qc7
9.h3 h6 10.b3 b6 11.d5 Bb7 12.Re2 a6 13.dxc6 Bxc6 14.Nd5 Nxd5 15.Bxd5 Bxd5
16.Qxd5 Rad8 17.c4 Nb8 18.Ne1 Nc6 19.Nc2 Kh8 20.Qd3 Qc8 21.Be3 Qc7 22.f3 Bg5
23.Bf2 g6 24.h4 Bf6 25.Ne3 Ne7 26.b4 a5 27.b5 Bg7 28.Rc2 f5 29.Nd5 fxe4 30.fxe4 Nxd5
31.cxd5 Qb7 32.Rc6 Rxf2 33.Kxf2 Qe7 34.g3 g5 35.Rh1 gxh4 36.Rxh4 Rf8+ 37.Kg2 Qf6
38.Qe2  1-0

[Event "SenWM"]
[Site "Bad Zwischenahn GER"]
[Date "2008.11.01"]
[Round "5"]
[White "Klundt,K"]
[Black "Villing,D"]
[Result "1-0"]
[WhiteElo "2353"]
[BlackElo "2193"]

1.e4 d6 2.d4 Nf6 3.Nc3 c6 4.f4 Qa5 5.Bd3 e5 6.Nf3 Bg4 7.Be3 Nbd7 8.O-O Be7
9.h3 Bh5 10.Qe1 Bxf3 11.Rxf3 O-O 12.Kh2 exd4 13.Bxd4 Qc7 14.g4 Nc5 15.Bxc5 dxc5
16.g5 Nh5 17.e5 Rad8 18.Qh4 g6 19.Ne4 b5 20.Nf6+ Bxf6 21.gxf6 c4 22.Rg1 Kh8
23.Bf5 Rd2+ 24.Kh1 Qd8 25.Bg4 Rd1 26.Rf2 Rxg1+ 27.Kxg1 Qd4 28.Bxh5 gxh5 29.Kh2 Rg8
30.Rg2 Rxg2+ 31.Kxg2 Qe4+ 32.Kg1 Qxc2 33.Qf2 Qd1+ 34.Kh2 b4 35.Qg2  1-0

[Event "IX Rapid Open"]
[Site "El Sauzal ESP"]
[Date "2008.11.01"]
[Round "3"]
[White "Ortells Perez,V"]
[Black "Brito Garcia,A"]
[Result "0-1"]
[WhiteElo "2074"]
[BlackElo "2349"]

1.e4 d6 2.d4 Nf6 3.Nc3 Nbd7 4.g3 e5 5.Nf3 g6 6.Bg2 Bg7 7.O-O O-O 8.Re1 Re8
9.h3 a6 10.a4 exd4 11.Nxd4 Ne5 12.f4 Nc4 13.b3 c5 14.Nde2 Na5 15.Ra2 Nc6
16.Ba3 h5 17.Nc1 Nd4 18.Nd5 Nxd5 19.exd5 Nf5 20.Rxe8+ Qxe8 21.Kh2 Ne3 22.Qe2 Bf5
23.c4 Qe7 24.Bb2 Bxb2 25.Rxb2 Re8 26.Qf3 Nxg2 27.Qxg2 Qe1 28.Re2 Rxe2 29.Nxe2 Qd1
30.g4 Bd3 31.Ng1 hxg4 32.hxg4 Qxb3 33.f5 Qxc4 34.f6 Qf4+  0-1

[Event "IX Rapid Open"]
[Site "El Sauzal ESP"]
[Date "2008.11.01"]
[Round "4"]
[White "Ramos Aguilar,J"]
[Black "Strikovic,A"]
[Result "0-1"]
[WhiteElo "2225"]
[BlackElo "2533"]

1.d4 d6 2.e4 Nf6 3.Nc3 e5 4.Nf3 Nbd7 5.Bc4 Be7 6.O-O Nb6 7.Bb3 exd4 8.Nd5 c5
9.Nxb6 axb6 10.c3 dxc3 11.bxc3 O-O 12.Qd3 Be6 13.Bxe6 fxe6 14.Ng5 Qc8 15.c4 h6
16.Nh3 Qc6 17.Re1 Ng4 18.Qg3 h5 19.Nf4 Bf6 20.Nxh5 Bxa1 21.Qxg4 Qd7 22.f4 Bd4+
23.Kh1 Qf7 24.Re2 Ra4 25.Rc2 g6 26.h4 Bg7 27.Ng3 Rb4 28.h5 Rb1 29.Kh2 Rxc1
30.hxg6 Qxf4 31.Qh5 Qh6 32.Rxc1 Rf6 33.Rb1 Rxg6 34.Rxb6 Be5  0-1

[Event "IX Rapid Open"]
[Site "El Sauzal ESP"]
[Date "2008.11.01"]
[Round "5"]
[White "Hernandez Leon,S"]
[Black "Brito Garcia,A"]
[Result "0-1"]
[WhiteElo "2078"]
[BlackElo "2349"]

1.e4 d6 2.d4 Nf6 3.Nc3 Nbd7 4.g3 e5 5.Nge2 g6 6.Bg2 Bg7 7.h3 O-O 8.O-O Re8
9.Be3 a6 10.a4 Rb8 11.Qd2 exd4 12.Nxd4 Ne5 13.b3 c5 14.Nde2 Bxh3 15.Rad1 Bxg2
16.Kxg2 b5 17.Bg5 b4 18.Nd5 Nxe4 19.Bxd8 Nxd2 20.Rxd2 Rbxd8 21.Nc7 Re7 22.Nxa6 Nc6
23.Rfd1 Ra8  0-1

[Event "IX Rapid Open"]
[Site "El Sauzal ESP"]
[Date "2008.11.01"]
[Round "5"]
[White "Gutierrez Olivares,D"]
[Black "Barlov,D"]
[Result "0-1"]
[WhiteElo "2135"]
[BlackElo "2463"]

1.d4 d6 2.e4 Nf6 3.Nc3 e5 4.Nf3 Nbd7 5.Bc4 Be7 6.h3 O-O 7.Be3 c6 8.a4 exd4
9.Bxd4 d5 10.exd5 cxd5 11.Bd3 Bc5 12.O-O a6 13.Re1 b6 14.Qd2 Bb7 15.Qf4 Qb8
16.Qh4 Qd6 17.Re3 Rfe8 18.Rae1 Rxe3 19.Rxe3 g6 20.Qh6 Qf8  0-1

[Event "21st Belgrade Trophy"]
[Site "Obrenovac SRB"]
[Date "2008.11.01"]
[Round "5"]
[White "Stancic,L"]
[Black "Milijanovic,G"]
[Result "0-1"]
[WhiteElo "1968"]
[BlackElo "2166"]

1.e4 d6 2.d4 Nf6 3.Nc3 c6 4.f4 Qa5 5.Bd3 e5 6.dxe5 dxe5 7.fxe5 Ng4 8.Be2 Nxe5
9.Qd4 Nbd7 10.Bd2 Bc5 11.Qa4 Qc7 12.Qb3 Nb6 13.Nb1 Be6 14.Qg3 O-O-O 15.Nc3 Bd6
16.Qf2 Nec4 17.Nf3 Nxd2 18.Nxd2 Bxh2 19.O-O-O Bf4 20.Bf1 Rd7 21.Ne2 Be5 22.g3 Na4
23.c3 Kb8 24.Nf4 Bxa2 25.Bc4 Bxc4 26.Nxc4 Rxd1+ 27.Rxd1 Nb6 28.Ne3 Rd8 29.Rxd8+ Qxd8
30.Kc2 Qg5 31.Nf5 g6 32.Nd4 Qe7 33.Nd3 f6 34.g4 Nd7 35.Qe3 Bd6 36.Nf3 Nc5
37.Nxc5 Bxc5 38.Qe2 a6 39.Qc4 b5 40.Qe2 Kb7 41.Nd4 Bb6 42.Qf3 Qe5 43.Qh1 h5
44.gxh5 gxh5 45.Nf5 Bc7 46.Qe1 Qf4 47.Kd3 Qh2 48.b3 Be5 49.c4 Qb2 50.Qb4 c5
51.Qxc5 Qxb3+ 52.Kd2 Bc3+ 53.Ke2 Qxc4+ 54.Qxc4 bxc4 55.Nd6+ Kc6 56.Nxc4 Kc5
57.Ne3 Bd4 58.Nc2 Kc4 59.Kf3 a5 60.Na3+ Kd3 61.Nb5 a4  0-1

[Event "IX Rapid Open"]
[Site "El Sauzal ESP"]
[Date "2008.11.02"]
[Round "6"]
[White "Perdomo Abad,J2"]
[Black "Brito Garcia,A"]
[Result "1/2-1/2"]
[WhiteElo "1898"]
[BlackElo "2349"]

1.e4 d6 2.d4 Nf6 3.Nc3 Nbd7 4.Be3 e5 5.f3 Be7 6.Qd2 c6 7.d5 c5 8.a4 Rb8 9.b3 a6
10.a5 Nh5 11.Bd3 h6 12.Nge2 Bg5 13.f4 exf4 14.Nxf4 Nxf4 15.Bxf4 Ne5 16.Be2 O-O
17.O-O Bd7 18.Nd1 Qe7 19.Ne3 Bxf4 20.Rxf4 Ng6 21.Rff1 Qxe4 22.Bd3 Qe7 23.Bxg6 fxg6
24.Nc4 Rbe8 25.Rxf8+ Rxf8 26.Re1 Qf6 27.h3 g5 28.Qe3 Re8 29.Rf1 Rxe3 30.Rxf6 Re1+
31.Rf1 Rxf1+ 32.Kxf1 Bb5 33.Kf2 Bxc4 34.bxc4 Kf7  1/2-1/2

[Event "SenWM"]
[Site "Bad Zwischenahn GER"]
[Date "2008.11.04"]
[Round "8"]
[White "Strekalovski,V"]
[Black "Semmler,G"]
[Result "1-0"]
[WhiteElo "2152"]
[BlackElo "2031"]

1.e4 d6 2.d4 Nf6 3.Nc3 e5 4.dxe5 dxe5 5.Qxd8+ Kxd8 6.Bg5 Be6 7.f4 exf4 8.Bxf4 c6
9.a3 h6 10.Nf3 b5 11.Nd4 Bd7 12.Be2 Bc5 13.O-O-O Kc8 14.Nb3 Be7 15.e5 Ne8
16.Ne4 Na6 17.Rxd7 Kxd7 18.Rd1+ Kc8 19.Bg4+ Kb8 20.Rd7 Bg5 21.Bxg5 hxg5 22.Nd6 Nec7
23.Na5  1-0

[Event "Casino de Barcelona"]
[Site "Barcelona ESP"]
[Date "2008.11.05"]
[Round "7"]
[White "Corrales Jimenez,F"]
[Black "Jobava,Ba"]
[Result "1/2-1/2"]
[WhiteElo "2552"]
[BlackElo "2664"]

1.e4 d6 2.d4 Nf6 3.Nc3 e5 4.dxe5 dxe5 5.Qxd8+ Kxd8 6.Bc4 Be6 7.Bxe6 fxe6
8.f3 Nbd7 9.Be3 Bc5 10.Bxc5 Nxc5 11.O-O-O+ Ke7 12.Nh3 g5 13.Nf2 Rag8 14.Nd3 Ncd7
15.Rd2 h5 16.Rhd1 g4 17.f4 exf4 18.e5 Nh7 19.Nxf4 Nhf8 20.Nb5 Nxe5 21.Nxc7 Rh6
22.Rd8 g3 23.hxg3 Rxg3 24.Re8+ Kf7 25.Rb8 b6 26.Rb7 Ned7 27.Nb5 e5 28.Nd3 Kg8
29.Ne1 a6 30.Nd6 Re6 31.Ra7 a5 32.Nf5 Rg5 33.Ne3 Rg7 34.Nf3 Nf6 35.Ra8 Rd7
36.Rf1 Nh7 37.Ng5 Rf6 38.Rxf6 Nxf6 39.Ne6 Rf7 40.Nf5 Ng4 41.Nh4 Rf6 42.Ng5 Ne3
43.g3 Nc4 44.c3 Rf1+ 45.Kc2 Rf2+ 46.Kd3 Nxb2+ 47.Ke4 Na4 48.Kxe5 Nc5 49.a3 Kg7
50.Ne4 Nfd7+ 51.Kd4 Nxe4 52.Kxe4 Kf7 53.Kd5 Nf6+ 54.Ke5 Ng4+ 55.Ke4 Ra2 56.Ra7+ Ke6
57.Ng6 Rxa3 58.Ra6 Nf6+ 59.Kd4 Rb3 60.Ne5 Nd5 61.c4 Ne3 62.Nc6 Nf5+ 63.Ke4 Nd6+
64.Kf4 Rb1 65.c5 Rf1+ 66.Kg5 Rf5+ 67.Kg6 bxc5 68.Nxa5 Rd5 69.Nc4 Rd4 70.Nb2 h4
71.gxh4 Rxh4 72.Kg5 Rd4 73.Na4 c4 74.Nc3 Rd3 75.Na4 Ke5 76.Ra5+ Kd4 77.Nb2 Rg3+
78.Kf4 c3 79.Ra4+ Kc5 80.Ra2  1/2-1/2

[Event "IM"]
[Site "Petah Tiqwa ISR"]
[Date "2008.11.05"]
[Round "9"]
[White "Nakar,Ey"]
[Black "Shutzman,J"]
[Result "1-0"]
[WhiteElo "2184"]
[BlackElo "2333"]

1.e4 d6 2.d4 Nf6 3.Nc3 c6 4.Nf3 g6 5.a4 Bg7 6.Be2 Qc7 7.O-O Nbd7 8.Re1 e5
9.a5 O-O 10.Bf1 exd4 11.Nxd4 Re8 12.Bf4 Ne5 13.Qd2 Rb8 14.Bh6 b5 15.axb6 axb6
16.Bxg7 Kxg7 17.Qg5 h6 18.Qg3 b5 19.f4 Qb6 20.Rad1 Nh5 21.Qh4 Bg4 22.Be2 Bxe2
23.Rxe2 Nc4 24.b3 Nb2 25.Rdd2 b4 26.Nb1 Ra8 27.Qf2 c5 28.Nf3 Nxf4 29.Re1 Ra1
30.Nh4 Nh5 31.c4 bxc3 32.Rxb2 Nf4 33.Rf1 Rxe4 34.Nxc3 Rxf1+ 35.Qxf1 c4+ 36.Kh1 Nd3
37.Nxe4 Qd4 38.Re2 cxb3 39.Nf3  1-0

[Event "Russia Cup Final"]
[Site "Serpuhov RUS"]
[Date "2008.11.06"]
[Round "1.4"]
[White "Sjugirov,S"]
[Black "Bocharov,D"]
[Result "0-1"]
[WhiteElo "2549"]
[BlackElo "2597"]

1.e4 d6 2.d4 Nf6 3.Nc3 c6 4.f4 Qa5 5.Bd3 e5 6.Nf3 exd4 7.Nxd4 g6 8.h3 Bg7
9.Be3 O-O 10.O-O Nbd7 11.Qf3 Re8 12.Rad1 Qc7 13.g4 b5 14.g5 Nh5 15.f5 Ne5
16.Qg2 Bb7 17.f6 Bf8 18.Be2 b4 19.Nb1 c5 20.Nb3 d5 21.Bxh5 gxh5 22.exd5 Rad8
23.Bf4 c4 24.Nd4 Rxd5 25.Qg3 Qd7 26.c3 Nd3 27.Rd2 Re4 28.Bb8 Rdxd4 29.cxd4 Qxd4+
30.Kh2 Re3 31.Qc7 Rxh3+ 32.Kxh3 Qg4+ 33.Kh2 Qh4+ 34.Kg1 Qh1+  0-1

[Event "Russia Cup Final"]
[Site "Serpuhov RUS"]
[Date "2008.11.07"]
[Round "2.1"]
[White "Lastin,A"]
[Black "Bocharov,D"]
[Result "1/2-1/2"]
[WhiteElo "2651"]
[BlackElo "2597"]

1.e4 d6 2.d4 Nf6 3.Nc3 c6 4.Nf3 Bg4 5.h3 Bh5 6.Qe2 e6 7.g4 Bg6 8.h4 h5 9.g5 Nfd7
10.Bh3 Be7 11.Bf4 O-O 12.O-O b5 13.a3 Nb6 14.Bg3 N8d7 15.Ne1 e5 16.Rd1 f6
17.dxe5 fxe5 18.Nd3 Bf7 19.f4 exf4 20.Nxf4 g6 21.Ne6 Bxe6 22.Bxe6+ Kg7 23.Rxf8 Nxf8
24.Ba2 Qd7 25.Qf1 Nc4 26.Bxc4 bxc4 27.Be5+ Kg8 28.Qxc4+ Ne6 29.Ne2 Kh7 30.Bg3 Bf8
31.Kg2 Re8 32.b4 Ng7 33.Nc3 d5 34.Qd3 Bd6 35.b5 Bxg3 36.Qxg3 d4 37.Qf3 Qd6
38.Ne2 Rf8 39.Rxd4 Qe7 40.Rd7 Qxd7 41.Qxf8 Qg4+ 42.Kf1 Qxe4 43.bxc6 Qxc6
44.Nf4 Qh1+ 45.Ke2 Qe4+ 46.Kd2 Qd4+ 47.Ke2 Qe4+ 48.Kd2 Qd4+ 49.Ke2 Qe4+  1/2-1/2

[Event "TCh-AUT 1st Bundesliga 2008-9"]
[Site "St Veit AUT"]
[Date "2008.11.07"]
[Round "1"]
[White "Polzin,R"]
[Black "Nanu,C"]
[Result "1-0"]
[WhiteElo "2500"]
[BlackElo "2506"]

1.e4 d6 2.d4 Nf6 3.Nc3 e5 4.Nf3 Nbd7 5.Bc4 Be7 6.O-O O-O 7.Re1 c6 8.a4 b6
9.h3 Bb7 10.Ba2 a6 11.Nh4 b5 12.Nf5 b4 13.Nb1 exd4 14.Qxd4 d5 15.exd5 Bc5
16.Qh4 Nxd5 17.Bg5 f6 18.Be3 Re8 19.Qg3 g6 20.Nd2 Kh8 21.Bxc5 Nxc5 22.Qd6 Rxe1+
23.Rxe1 Qxd6 24.Nxd6 a5 25.Nb3 Nxb3 26.Bxb3 Ba6 27.Re6 Nf4 28.Rxf6 Ne2+ 29.Kh2 Nd4
30.Ne4 Re8 31.Nc5 Bc8 32.Rd6 Nxb3 33.Nxb3 Bf5 34.Rxc6 Re2 35.Nd4 Rxf2 36.Kg3 Rd2
37.Nxf5 gxf5 38.Rc7 b3 39.cxb3 Rd3+ 40.Kf4 Rxb3 41.Kxf5 Rxb2 42.g4 Rb4 43.Kg5 Rb3
44.h4 Rb4 45.h5 h6+ 46.Kxh6 Rxg4 47.Rc8+ Rg8 48.Rxg8+ Kxg8 49.Kg6 Kh8 50.Kf6 Kh7
51.Ke5 Kh6 52.Kd5 Kxh5 53.Kc5 Kg6 54.Kb5 Kf7 55.Kxa5 Ke7 56.Kb6 Kd7 57.Kb7  1-0

[Event "TCh-AUT 1st Bundesliga 2008-9"]
[Site "St Veit AUT"]
[Date "2008.11.07"]
[Round "1"]
[White "Siebrecht,S"]
[Black "Antoniewski,R"]
[Result "0-1"]
[WhiteElo "2451"]
[BlackElo "2508"]

1.d4 d6 2.e4 Nf6 3.Nc3 e5 4.Nge2 Be7 5.g3 O-O 6.Bg2 c6 7.O-O b5 8.a3 Bb7
9.h3 a5 10.Re1 Nbd7 11.b3 Re8 12.Bb2 Bf8 13.Qd2 Qc7 14.g4 b4 15.Na4 d5 16.exd5 cxd5
17.dxe5 Ne4 18.Qf4 Nxe5 19.f3 Nc5 20.Ng3 f6 21.axb4 axb4 22.Nf5 Nxa4 23.bxa4 d4
24.Kh1 Qxc2 25.Bxd4 Ng6 26.Qg3 Rxe1+ 27.Qxe1 Nf4 28.Ne3 Qd3 29.Nf5 Bxf3 30.Kh2 Bxg2
31.Be3 Bxh3 32.Bxf4 Bxg4 33.Ne3 Be6 34.Rd1 Qe4 35.Qg3 b3  0-1

[Event "TCh-AUT 1st Bundesliga 2008-9"]
[Site "St Veit AUT"]
[Date "2008.11.08"]
[Round "2"]
[White "Luther,T"]
[Black "Bezold,M"]
[Result "1/2-1/2"]
[WhiteElo "2532"]
[BlackElo "2513"]

1.e4 d6 2.d4 Nf6 3.Nc3 e5 4.Nf3 Nbd7 5.Bc4 Be7 6.O-O O-O 7.a4 c6 8.Re1 a5
9.h3 Nb6 10.Ba2 Nfd7 11.Be3 Qc7 12.Qd2 exd4 13.Bxd4 Ne5 14.Qe2 Bf6 15.Rad1 Nxf3+
16.Qxf3 Bxd4 17.Rxd4 Be6 18.Qg3 Rad8 19.Red1 Nc8 20.Bc4 Bxc4 21.Rxc4 Qb6
22.b3 Rde8 23.Rcd4 Qc5  1/2-1/2

[Event "TCh-AUT 1st Bundesliga 2008-9"]
[Site "St Veit AUT"]
[Date "2008.11.08"]
[Round "2"]
[White "Baramidze,D"]
[Black "Moser,E"]
[Result "1-0"]
[WhiteElo "2557"]
[BlackElo "2376"]

1.e4 d6 2.d4 Nf6 3.Nc3 e5 4.Nf3 Nbd7 5.Bc4 Be7 6.O-O O-O 7.a4 c6 8.Re1 a5
9.b3 Nb6 10.Be2 d5 11.Nxe5 Bb4 12.Bd2 dxe4 13.Na2 Bd6 14.Bg5 h6 15.Bh4 Nbd5
16.Qd2 Bf5 17.Rad1 Qc8 18.c4 Nb4 19.Bxf6 gxf6 20.c5 Bc7 21.Nxb4 fxe5 22.Nc2 Qe6
23.Bc4 Qg6 24.d5 cxd5 25.Bxd5 Rad8 26.Ne3 Be6 27.Qc2 Kh8 28.Bxe4 Rxd1 29.Rxd1 f5
30.Bxb7 e4 31.g3 Qg7 32.Bd5 Bc8 33.Nc4 f4 34.Bxe4 fxg3 35.hxg3 Bxg3 36.fxg3 Qxg3+
37.Qg2  1-0

[Event "Okla Op State Ch"]
[Site "Stillwater USA"]
[Date "2008.11.08"]
[Round "2"]
[White "Langer,M USA"]
[Black "Braunlich,T"]
[Result "1-0"]
[WhiteElo "2269"]
[BlackElo "2167"]

1.e4 d6 2.d4 Nf6 3.Nc3 e5 4.Nge2 Be7 5.f3 c6 6.Be3 Nbd7 7.Ng3 Nb6 8.Qd2 Be6
9.a4 O-O 10.a5 Nc4 11.Bxc4 Bxc4 12.Nf5 Be6 13.Nxe7+ Qxe7 14.Bg5 Rfe8 15.O-O h6
16.Bh4 g5 17.dxe5 dxe5 18.Bg3 Bc4 19.Rfd1 Nh5 20.Qd6 Nxg3 21.hxg3 Qxd6 22.Rxd6 Rad8
23.Rad1 Rxd6 24.Rxd6 Be6 25.a6 bxa6 26.Rxc6 Rb8 27.b3 Rc8 28.Rxc8+ Bxc8 29.Nd5 Kf8
30.Kf2 a5 31.Ke3 Ba6 32.Kd2 h5 33.Nf6 h4 34.gxh4 gxh4 35.Nd7+ Ke7 36.Nxe5 Bf1
37.Ke3 Bxg2 38.Nc6+ Kd6 39.Nxa5 Bf1 40.Kf2 Ba6 41.b4 f5 42.exf5 Ke5 43.Nc6+ Kxf5
44.Nxa7 Kf4 45.Nc6 h3 46.Nd4 Bc4 47.c3  1-0

[Event "TCh-AUT 1st Bundesliga 2008-9"]
[Site "St Veit AUT"]
[Date "2008.11.09"]
[Round "3"]
[White "Bosiocic,Mari"]
[Black "Hellmayr,A"]
[Result "1-0"]
[WhiteElo "2549"]
[BlackElo "2333"]

1.e4 d6 2.d4 Nf6 3.Nc3 e5 4.Nf3 exd4 5.Nxd4 Nc6 6.Bb5 Bd7 7.Bxc6 bxc6 8.Bf4 Be7
9.O-O O-O 10.Re1 Ne8 11.h3 g6 12.Qd2 Ng7 13.Bh6 f6 14.Rad1 Rf7 15.f4 Rb8
16.b3 Ne6 17.Nf3 Bf8 18.Bxf8 Qxf8 19.Nh2 Re7 20.Qf2 Nc5 21.Nf3 Rf7 22.Qg3 Qg7
23.Nd4 Re7 24.Re2 Rbe8 25.Rde1 a5 26.Kh2 Kh8 27.a3 Kg8 28.Qf2 Kh8 29.Qg3 Kg8
30.b4 axb4 31.axb4 Ne6 32.Nxe6 Rxe6 33.Qd3 Kh8 34.Nd1 R6e7 35.Nf2 Qh6 36.Qd2 d5
37.e5 Qg7 38.exf6 Qxf6 39.Rxe7 Rxe7 40.Rxe7 Qxe7 41.Nd3 Kg8 42.c3 Bf5 43.Ne5 Qd6
44.Qd4 Bd7 45.g4 Qe6 46.Kg3 h5 47.Qa7 Qd6 48.Qb8+ Kg7 49.Qd8 Bxg4 50.Qxd6 cxd6
51.Nxc6 Bd7 52.Nd4 Kf6 53.Kh4 Bc8 54.b5 Bb7 55.b6 Ba6 56.Nb5 Ke7 57.Kg5 Kd7
58.b7 Bxb7 59.Kxg6 d4 60.Nxd4 h4 61.f5 Bd5 62.f6 Ke8 63.Kg7 Bc4 64.Nf5  1-0

[Event "ch-Nassau"]
[Site "Mineola USA"]
[Date "2008.11.10"]
[Round "4"]
[White "Lenderman,A"]
[Black "Bonin,J"]
[Result "1/2-1/2"]
[WhiteElo "2443"]
[BlackElo "2353"]

1.e4 d6 2.d4 Nf6 3.Nc3 e5 4.dxe5 dxe5 5.Qxd8+ Kxd8 6.Bc4 Be6 7.Bxe6 fxe6
8.f3 Bb4 9.Bd2 Bxc3 10.Bxc3 Nbd7 11.Nh3 Ne8 12.Nf2 Nd6 13.Nd3 Nf7 14.O-O-O Ke7
15.Bb4+ Ke8 16.Rd2 a5 17.Bc3 Ke7 18.Rhd1 Rhd8 19.b3 b6 20.Nb2 Nf6 21.Nc4 Rxd2
22.Rxd2 Nd7 23.a4 g5 24.Ne3 Nh8 25.Bb2 Ng6 26.Ba3+ Ke8 27.c4 Nc5 28.Kc2 Rd8
29.Rxd8+ Kxd8 30.Bc1 h5 31.g3 Nh8 32.Nd1 Nf7 33.Nf2 Nd7 34.Nh3 g4 35.fxg4 hxg4
36.Nf2 Nf6 37.c5 Kd7 38.Kd3 Kc6 39.cxb6 cxb6 40.Bd2 Kc5 41.Bc3 Kc6 42.Ke3 Kc7
43.Bb2 Kc6 44.Nd3 Nd7 45.Nf2 Nf6 46.Ba3 Nd6 47.Kd3 Kd7 48.Bc1 Nf7 49.h3 gxh3
50.Nxh3 Nd6 51.Nf2 Ke8 52.g4 Nd7 53.Be3 Kf7 54.Nh3 b5 55.axb5 Nxb5 56.Ng5+ Kf6
57.Nf3 Nd6 58.Nd2 Nb7 59.Kc3 Nd6 60.Kb2 Kg6 61.g5 Nf7 62.Ka3 Nxg5 63.Ka4 Nf6
64.Kxa5 Ngxe4 65.Nxe4 Nxe4 66.b4 Nc3 67.b5  1/2-1/2

[Event "38th Olympiad"]
[Site "Dresden GER"]
[Date "2008.11.13"]
[Round "1"]
[White "Grassi,E"]
[Black "Mansour,Sam"]
[Result "0-1"]
[WhiteElo "2063"]
[BlackElo "2285"]

1.e4 d6 2.d4 Nf6 3.Nc3 c6 4.f4 Qa5 5.Bd3 e5 6.Nf3 Bg4 7.fxe5 dxe5 8.dxe5 Nfd7
9.e6 fxe6 10.h3 Qh5 11.Be3 Bc5 12.Bxc5 Nxc5 13.O-O Bxf3 14.Rxf3 Qe5 15.Qd2 Nbd7
16.Raf1 Nf6 17.Qf4 Ncd7 18.Kh1 Qxf4 19.Rxf4 Ne5 20.Rd1 Ke7 21.Rff1 g5 22.Ne2 Rad8
23.Ng1 g4 24.h4 g3 25.Nf3 Neg4 26.e5 Ne4 27.Rde1 Nef2+ 28.Kg1 Nxd3 29.cxd3 Rxd3
30.Ng5 Nf2 31.Re2 h6 32.Ne4 Nxe4 33.Rxe4 Rf8 34.Rg4 Rxf1+ 35.Kxf1 Kf7 36.Ke2 Rd5
37.Rxg3 Rxe5+ 38.Kd3 Rh5 39.Rg4 Kf6 40.g3 Rb5 41.b3 Ra5 42.a4 b5 43.Rf4+ Ke7
44.Kc3 bxa4 45.bxa4 h5 46.Kb4 Rf5 47.Rc4 a5+ 48.Kb3 Rf3+ 49.Rc3 Rxc3+ 50.Kxc3 Ke8  0-1

[Event "38th Olympiad w"]
[Site "Dresden GER"]
[Date "2008.11.13"]
[Round "1"]
[White "Fuchs,Ju"]
[Black "Agrest,S"]
[Result "1-0"]
[WhiteElo "2238"]
[BlackElo "2258"]

1.e4 d6 2.d4 Nf6 3.Nc3 e5 4.Nf3 Nbd7 5.Bc4 Be7 6.O-O O-O 7.Re1 c6 8.a4 a5
9.h3 exd4 10.Nxd4 Nc5 11.Qf3 Qb6 12.Nf5 Bxf5 13.Qxf5 Qb4 14.Bf1 Ne6 15.Bd3 Nd4
16.Qf4 Nd7 17.Bd2 Qc5 18.Be3 Bf6 19.e5 Bxe5 20.Qh4 f5 21.f4 Bf6 22.Qf2 Rae8
23.Kh1 Nb6 24.Ne2 Rxe3 25.Qxe3 Nd5 26.Qc1 Bh4 27.Rf1 Nxe2 28.Bxe2 Ne3 29.Rf3 Re8
30.Bd3 Nd5 31.Qd2 Re3 32.Rxe3 Nxe3 33.Ra3 Bg3 34.Qxe3  1-0

[Event "38th Olympiad w"]
[Site "Dresden GER"]
[Date "2008.11.13"]
[Round "1"]
[White "Steil Antoni,F"]
[Black "Srebrnic,A"]
[Result "0-1"]
[WhiteElo "2166"]
[BlackElo "2290"]

1.e4 d6 2.d4 Nf6 3.Nc3 e5 4.Nf3 Nbd7 5.Bc4 Be7 6.O-O O-O 7.Re1 c6 8.a4 b6
9.h3 a6 10.Ba2 Bb7 11.Bg5 h6 12.Bh4 b5 13.axb5 axb5 14.Qd3 Nh5 15.Bxe7 Qxe7
16.Ne2 g6 17.b4 Kh7 18.g4 Ng7 19.Ng3 Ne6 20.Kh2 Nf4 21.Qd2 Nb6 22.Qc3 Na4
23.Qe3 f6 24.Bb3 Qc7 25.Bxa4 bxa4 26.Ra3 Ra6 27.Rea1 Rfa8 28.c3 Bc8 29.Nf1 Be6
30.N1d2 Qc8 31.Ne1 h5 32.f3 hxg4 33.fxg4 Kg7 34.Ng2 g5 35.Nxf4 exf4 36.Qf3 Qd7
37.d5 cxd5 38.exd5 Bf7 39.c4 Qe7 40.Qf2 Re8 41.Rxa4 Rxa4 42.Rxa4 Qe2 43.Qxe2 Rxe2+
44.Kg1 Rxd2 45.b5 Bg6 46.Ra7+ Kh6  0-1

[Event "38th Olympiad"]
[Site "Dresden GER"]
[Date "2008.11.13"]
[Round "1"]
[White "Guller,A"]
[Black "Sebih,K"]
[Result "0-1"]
[WhiteElo "2117"]
[BlackElo "2295"]

1.e4 d6 2.d4 Nf6 3.Nc3 e5 4.Nf3 Nbd7 5.g3 c6 6.a4 Be7 7.Bg2 O-O 8.O-O Re8
9.h3 Bf8 10.Be3 a5 11.b3 h6 12.dxe5 dxe5 13.Nd2 Qc7 14.Qf3 Bb4 15.Na2 Be7
16.Nc3 Nc5 17.Rfd1 b6 18.Bf1 Rb8 19.g4 Ne6 20.Bc4 Rd8 21.Nf1 Nd4 22.Bxd4 exd4
23.Ne2 b5 24.axb5 cxb5 25.Bd3 Nh7 26.Qf4 Bd6 27.Qd2 Bb4 28.Qf4 Qb6 29.Nfg3 Ng5
30.Kg2 Bb7 31.f3 Ra8 32.Qe5 Bc5 33.h4 Ne6 34.Nf5 f6 35.Nxh6+ gxh6 36.Qxf6 Nc7
37.Qe5 Rf8 38.Ng3 Bd6 39.Qh5 Bxg3 40.Kxg3 Qf6 41.Rf1 Rae8 42.Bxb5 Re5 43.Bc4+ Kg7
44.g5 hxg5 45.Qg4 Bc8 46.Qh5 gxh4+ 47.Qxh4 Rg5+  0-1

[Event "38th Olympiad"]
[Site "Dresden GER"]
[Date "2008.11.14"]
[Round "2"]
[White "Baba,M"]
[Black "Al Sayed,Mohamad"]
[Result "0-1"]
[WhiteElo "2220"]
[BlackElo "2477"]

1.e4 d6 2.d4 Nf6 3.Nc3 e5 4.Nf3 Nbd7 5.Bc4 Be7 6.O-O O-O 7.Re1 c6 8.a4 a5
9.h3 Nb6 10.Bf1 Nfd7 11.b3 exd4 12.Nxd4 Nc5 13.Bf4 f5 14.exf5 Bxf5 15.Bg3 d5
16.Nxf5 Rxf5 17.Bd3 Rf7 18.Ne2 Bd6 19.Qd2 Qc7 20.Bxd6 Qxd6 21.Ng3 Nbd7 22.Rab1 Raf8
23.Re2 Ne5 24.Qc3 d4 25.Qd2 Ncxd3 26.cxd3 Qd5 27.Ne4 Rf3 28.Qg5 Rxd3 29.Nf6+ Rxf6
30.Rxe5 Qf7 31.Rbe1 h6 32.Qh4 Qg6 33.Rxa5 Re6 34.Ra8+ Kh7 35.Rxe6 Qxe6 36.Qd8 Qe1+
37.Kh2 Qxf2 38.Qg8+ Kg6 39.Qe6+ Qf6 40.Qe4+ Qf5 41.Qe8+ Kg5 42.Qe7+ Qf6 43.Ra5+ b5
44.Qxf6+ gxf6 45.axb5 cxb5 46.Rxb5+ Kf4 47.Rb8 Rd1 48.b4 d3 49.b5 Rb1 50.b6 d2  0-1

[Event "38th Olympiad"]
[Site "Dresden GER"]
[Date "2008.11.14"]
[Round "2"]
[White "Gomez,Joh"]
[Black "Goutali,T"]
[Result "1/2-1/2"]
[WhiteElo "2519"]
[BlackElo "2225"]

1.e4 d6 2.d4 Nf6 3.Nc3 e5 4.dxe5 dxe5 5.Qxd8+ Kxd8 6.Bg5 Be6 7.O-O-O+ Nd7
8.g3 Kc8 9.f4 h6 10.Bxf6 Nxf6 11.Bh3 Bd6 12.Bxe6+ fxe6 13.Nge2 Ng4 14.Rdf1 Kd7
15.h3 Nf6 16.g4 exf4 17.Nxf4 Bxf4+ 18.Rxf4 Ke7 19.Rhf1 Rhf8 20.Kd2 c6 21.Ke3 Nd7
22.Rxf8 Rxf8 23.Rxf8 Kxf8 24.Kd4 e5+ 25.Ke3 Nc5 26.h4 Ne6 27.Ne2 Kf7 28.Ng3 g6
29.Ne2 Kf6 30.c3 Kf7 31.Kf3 Kf6 32.Ke3 Kf7 33.b4 Ke7 34.Kf3 Kf6 35.Ke3 Ke7
36.Kf3  1/2-1/2

[Event "38th Olympiad"]
[Site "Dresden GER"]
[Date "2008.11.14"]
[Round "2"]
[White "Esenov,An"]
[Black "Pelletier,Y"]
[Result "1/2-1/2"]
[WhiteElo "2319"]
[BlackElo "2557"]

1.e4 d6 2.d4 Nf6 3.Nc3 e5 4.dxe5 dxe5 5.Qxd8+ Kxd8 6.Nf3 Bd6 7.Bg5 Be6 8.O-O-O Nd7
9.Bb5 Kc8 10.Bh4 h6 11.Rhe1 Nh5 12.Bg3 Nxg3 13.hxg3 a6 14.Bxd7+ Bxd7 15.Nd5 Bc6
16.Nb6+ cxb6 17.Rxd6 Kc7 18.Rd2 Rae8 19.Rde2 Re6 20.Nd2 Rf6 21.Nf3 Re6 22.Nd2 Rf6
23.Nf3 Re6  1/2-1/2

[Event "38th Olympiad w"]
[Site "Dresden GER"]
[Date "2008.11.15"]
[Round "3"]
[White "Efroimski,M"]
[Black "Khukhashvili,S"]
[Result "0-1"]
[WhiteElo "2091"]
[BlackElo "2409"]

1.e4 d6 2.d4 Nf6 3.Nc3 e5 4.dxe5 dxe5 5.Qxd8+ Kxd8 6.Bc4 Ke8 7.Nf3 Bd6 8.O-O Nbd7
9.a3 a6 10.Re1 h6 11.Bd2 b5 12.Ba2 Bb7 13.Rad1 Rd8 14.Nh4 g6 15.Nd5 Nxd5
16.exd5 Kf8 17.Bc3 Rg8 18.Nf3 Re8 19.Re3 f6 20.Bb4 Nb6 21.Rc3 Kf7 22.Bb3 Re7
23.Rc6 Rd8 24.Bxd6 Rxd6 25.Rxd6 cxd6 26.Nd2 Bxd5 27.Bxd5+ Nxd5 28.c4 bxc4
29.Nxc4 Ke6 30.f3 Rc7 31.b3 Rc6 32.Rd3 Ne7 33.Na5 Rc1+ 34.Kf2 Rc2+ 35.Kf1 d5
36.b4 d4 37.Nb7 Kd5 38.Nc5 Kc4 39.Rd1 Nd5 40.Kg1 a5 41.Rb1 axb4 42.axb4 Nxb4
43.Nd7 Nd5 44.Nb8 d3 45.Nc6 d2 46.Na5+ Kd3  0-1

[Event "38th Olympiad w"]
[Site "Dresden GER"]
[Date "2008.11.15"]
[Round "3"]
[White "Coelho,T"]
[Black "Milliet,S"]
[Result "0-1"]
[WhiteElo "1820"]
[BlackElo "2366"]

1.e4 d6 2.d4 Nf6 3.Nc3 Nbd7 4.Nf3 e5 5.Bc4 Be7 6.O-O c6 7.dxe5 dxe5 8.h3 O-O
9.Be3 b5 10.Bd3 Qc7 11.Ne2 Nh5 12.Qd2 Rd8 13.g4 Nhf6 14.Ng3 Nc5 15.Qc3 b4
16.Qxe5 Bd6 17.Qg5 Nxd3 18.cxd3 Bxg3 19.fxg3 Qxg3+ 20.Kh1 Qxh3+ 21.Nh2 h6
22.Qf4 Nxg4 23.Qxf7+ Kh8 24.Bg1 Nxh2 25.Bxh2 Bg4 26.Rf2 Rxd3 27.Raf1 Re3
28.e5 Be6 29.Qg6 Bd5+ 30.Kg1 Rg8 31.b3 Be4 32.Rf5 Re2 33.Qg3 Rg2+  0-1

[Event "38th Olympiad w"]
[Site "Dresden GER"]
[Date "2008.11.15"]
[Round "3"]
[White "Hoolt,S"]
[Black "Avelar,G"]
[Result "1/2-1/2"]
[WhiteElo "2274"]
[BlackElo "2045"]

1.e4 d6 2.d4 Nf6 3.Nc3 Nbd7 4.Nf3 e5 5.Bc4 Be7 6.O-O O-O 7.Re1 c6 8.a4 b6
9.b3 a6 10.Bd3 Bb7 11.Bb2 Qc7 12.Ne2 Rfe8 13.Ng3 g6 14.c3 Bf8 15.b4 c5 16.bxc5 bxc5
17.Nd2 Bg7 18.Nc4 d5 19.exd5 Nxd5 20.Bf1 a5 21.Ne4 exd4 22.cxd4 Nb4 23.Ncd6 Re6
24.Nb5 Qc8 25.Ned6 Rxe1 26.Qxe1 Qc6 27.Qe7 Rf8 28.Nxb7 Qxb7 29.Rd1 Nd5 30.Qe4 N7f6
31.Qf3 cxd4 32.Bxd4 Qe7 33.Bc4 Rd8 34.g3 Nb4 35.Bb6 Rxd1+ 36.Qxd1 Nc6 37.Nd6 Ne5
38.Bb3 Bf8 39.Nc4 Nxc4 40.Bxc4 Qb4 41.Bb5 Ne4  1/2-1/2